<?xml version="1.0" encoding="UTF-8"?>
<record
    xmlns:xsi="http://www.w3.org/2001/XMLSchema-instance"
    xsi:schemaLocation="http://www.loc.gov/MARC21/slim http://www.loc.gov/standards/marcxml/schema/MARC21slim.xsd"
    xmlns="http://www.loc.gov/MARC21/slim">

  <leader>00796nam a22001337a 4500</leader>
  <datafield tag="040" ind1=" " ind2=" ">
    <subfield code="c">RUA </subfield>
  </datafield>
  <datafield tag="082" ind1=" " ind2=" ">
    <subfield code="a">FOR CHO 2014 B446 Or.1</subfield>
  </datafield>
  <datafield tag="100" ind1=" " ind2=" ">
    <subfield code="a">CHOUB SITHORN ; &#x1787;&#x17BD;&#x1794; &#x179F;&#x17CA;&#x17B8;&#x1790;&#x1793;</subfield>
  </datafield>
  <datafield tag="245" ind1=" " ind2=" ">
    <subfield code="a">The forest growth amelioration in forestry farm of faculty of forestry of royal university of agriculture, &#x179F;&#x17BB;&#x17BB;&#x179C;&#x17BB;&#x178C;&#x17D2;&#x178D;&#x17B7;&#x1780;&#x1798;&#x17D2;&#x1798;&#x178A;&#x17C6;&#x178E;&#x17BB;&#x17C7;&#x1788;&#x17BE;&#x1780;&#x17D2;&#x1793;&#x17BB;&#x1784;&#x179F;&#x17BD;&#x1793;&#x179A;&#x17BB;&#x1780;&#x17D2;&#x1781;&#x1787;&#x17B6;&#x178F;&#x17B7;&#x179A;&#x1794;&#x179F;&#x17CB;&#x1798;&#x17A0;&#x17B6;&#x179C;&#x17B7;&#x1791;&#x17D2;&#x1799;&#x17B6;&#x179B;&#x17D0;&#x1799;&#x200B;&#x179C;&#x17B7;&#x1791;&#x17D2;&#x1799;&#x17B6;&#x179F;&#x17B6;&#x179F;&#x17D2;&#x179A;&#x17D2;&#x178F;&#x1796;&#x17D2;&#x179A;&#x17C3;&#x1788;&#x17BE; &#x1793;&#x17C3;&#x179F;&#x17B6;&#x1780;&#x179B;&#x179C;&#x17B7;&#x1791;&#x17D2;&#x1799;&#x17B6;&#x179B;&#x17D0;&#x1799;&#x1797;&#x17BC;&#x1798;&#x17B7;&#x1793;&#x17D2;&#x1791;&#x1780;&#x179F;&#x17B7;&#x1780;&#x1798;&#x17D2;&#x1798;</subfield>
  </datafield>
  <datafield tag="260" ind1=" " ind2=" ">
    <subfield code="a">Phnom Penh</subfield>
    <subfield code="b">RUA</subfield>
    <subfield code="c">2014</subfield>
  </datafield>
  <datafield tag="300" ind1=" " ind2=" ">
    <subfield code="a">x ;46p.</subfield>
    <subfield code="b">ill.</subfield>
    <subfield code="c">29cm.</subfield>
  </datafield>
  <datafield tag="856" ind1=" " ind2=" ">
    <subfield code="u">https://drive.google.com/file/d/1aFg-ZHDFi9TamNuaablDwIxqHxtcPGs2/view?usp=sharing</subfield>
  </datafield>
  <datafield tag="942" ind1=" " ind2=" ">
    <subfield code="c">FOR</subfield>
  </datafield>
  <datafield tag="999" ind1=" " ind2=" ">
    <subfield code="c">7283</subfield>
    <subfield code="d">7283</subfield>
  </datafield>
  <datafield tag="952" ind1=" " ind2=" ">
    <subfield code="0">0</subfield>
    <subfield code="1">0</subfield>
    <subfield code="2">ddc</subfield>
    <subfield code="4">0</subfield>
    <subfield code="6">FOR_CHO_2014_000000000000000_B446_OR_1</subfield>
    <subfield code="7">0</subfield>
    <subfield code="9">42791</subfield>
    <subfield code="a">LBB</subfield>
    <subfield code="b">LBB</subfield>
    <subfield code="c">B446</subfield>
    <subfield code="d">2016-03-02</subfield>
    <subfield code="o">FOR CHO 2014 B446 Or.1</subfield>
    <subfield code="p">RUA054467</subfield>
    <subfield code="r">2016-03-02</subfield>
    <subfield code="w">2016-03-02</subfield>
    <subfield code="y">FOR</subfield>
  </datafield>
  <datafield tag="952" ind1=" " ind2=" ">
    <subfield code="0">0</subfield>
    <subfield code="1">0</subfield>
    <subfield code="2">ddc</subfield>
    <subfield code="4">0</subfield>
    <subfield code="6">FOR_CHO_2014_000000000000000_B446_OR_2</subfield>
    <subfield code="7">0</subfield>
    <subfield code="9">42792</subfield>
    <subfield code="a">LBB</subfield>
    <subfield code="b">LBB</subfield>
    <subfield code="c">B446</subfield>
    <subfield code="d">2016-03-02</subfield>
    <subfield code="o">FOR CHO 2014 B446 Or.2</subfield>
    <subfield code="p">RUA054869</subfield>
    <subfield code="r">2016-03-02</subfield>
    <subfield code="w">2016-03-02</subfield>
    <subfield code="y">FOR</subfield>
  </datafield>
  <datafield tag="952" ind1=" " ind2=" ">
    <subfield code="0">0</subfield>
    <subfield code="1">0</subfield>
    <subfield code="2">ddc</subfield>
    <subfield code="4">0</subfield>
    <subfield code="6">FOR_CHO_2014_000000000000000_B446_OR_3</subfield>
    <subfield code="7">0</subfield>
    <subfield code="9">42793</subfield>
    <subfield code="a">LBB</subfield>
    <subfield code="b">LBB</subfield>
    <subfield code="c">B446</subfield>
    <subfield code="d">2016-03-02</subfield>
    <subfield code="o">FOR CHO 2014 B446 Or.3</subfield>
    <subfield code="p">RUA054045</subfield>
    <subfield code="r">2016-03-02</subfield>
    <subfield code="w">2016-03-02</subfield>
    <subfield code="y">FOR</subfield>
  </datafield>
  <datafield tag="952" ind1=" " ind2=" ">
    <subfield code="0">0</subfield>
    <subfield code="1">0</subfield>
    <subfield code="2">ddc</subfield>
    <subfield code="4">0</subfield>
    <subfield code="6">FOR_CHO_2014_000000000000000_B446_OR_4</subfield>
    <subfield code="7">0</subfield>
    <subfield code="9">42794</subfield>
    <subfield code="a">LBB</subfield>
    <subfield code="b">LBB</subfield>
    <subfield code="c">B446</subfield>
    <subfield code="d">2016-03-02</subfield>
    <subfield code="o">FOR CHO 2014 B446 Or.4</subfield>
    <subfield code="p">RUA054930</subfield>
    <subfield code="r">2016-03-02</subfield>
    <subfield code="w">2016-03-02</subfield>
    <subfield code="y">FOR</subfield>
  </datafield>
  <datafield tag="952" ind1=" " ind2=" ">
    <subfield code="0">0</subfield>
    <subfield code="1">0</subfield>
    <subfield code="2">ddc</subfield>
    <subfield code="4">0</subfield>
    <subfield code="6">FOR_CHO_2014_000000000000000_B446_OR_5</subfield>
    <subfield code="7">0</subfield>
    <subfield code="9">42795</subfield>
    <subfield code="a">LBB</subfield>
    <subfield code="b">LBB</subfield>
    <subfield code="c">B446</subfield>
    <subfield code="d">2016-03-02</subfield>
    <subfield code="o">FOR CHO 2014 B446 Or.5</subfield>
    <subfield code="p">RUA054346</subfield>
    <subfield code="r">2016-03-02</subfield>
    <subfield code="w">2016-03-02</subfield>
    <subfield code="y">FOR</subfield>
  </datafield>
  <datafield tag="952" ind1=" " ind2=" ">
    <subfield code="0">0</subfield>
    <subfield code="1">0</subfield>
    <subfield code="2">ddc</subfield>
    <subfield code="4">0</subfield>
    <subfield code="6">FOR_CHO_2014_000000000000000_B446_OR_6</subfield>
    <subfield code="7">0</subfield>
    <subfield code="9">42796</subfield>
    <subfield code="a">LBB</subfield>
    <subfield code="b">LBB</subfield>
    <subfield code="c">B446</subfield>
    <subfield code="d">2016-03-02</subfield>
    <subfield code="o">FOR CHO 2014 B446 Or.6</subfield>
    <subfield code="p">RUA054529</subfield>
    <subfield code="r">2016-03-02</subfield>
    <subfield code="w">2016-03-02</subfield>
    <subfield code="y">FOR</subfield>
  </datafield>
  <datafield tag="952" ind1=" " ind2=" ">
    <subfield code="0">0</subfield>
    <subfield code="1">0</subfield>
    <subfield code="2">ddc</subfield>
    <subfield code="4">0</subfield>
    <subfield code="6">FOR_CHO_2014_000000000000000_B446_OR_7</subfield>
    <subfield code="7">0</subfield>
    <subfield code="9">42797</subfield>
    <subfield code="a">LBB</subfield>
    <subfield code="b">LBB</subfield>
    <subfield code="c">B446</subfield>
    <subfield code="d">2016-03-02</subfield>
    <subfield code="o">FOR CHO 2014 B446 Or.7</subfield>
    <subfield code="p">RUA053900</subfield>
    <subfield code="r">2016-03-02</subfield>
    <subfield code="w">2016-03-02</subfield>
    <subfield code="y">FOR</subfield>
  </datafield>
  <datafield tag="952" ind1=" " ind2=" ">
    <subfield code="0">0</subfield>
    <subfield code="1">0</subfield>
    <subfield code="2">ddc</subfield>
    <subfield code="4">0</subfield>
    <subfield code="6">FOR_CHO_2014_000000000000000_B446_OR_8</subfield>
    <subfield code="7">0</subfield>
    <subfield code="9">42798</subfield>
    <subfield code="a">LBB</subfield>
    <subfield code="b">LBB</subfield>
    <subfield code="c">B446</subfield>
    <subfield code="d">2016-03-02</subfield>
    <subfield code="o">FOR CHO 2014 B446 Or.8</subfield>
    <subfield code="p">RUA054693</subfield>
    <subfield code="r">2016-03-02</subfield>
    <subfield code="w">2016-03-02</subfield>
    <subfield code="y">FOR</subfield>
  </datafield>
</record>
